Gormiti Personnages - Statistiques

Statistiques générales
  • Ce quiz a été pris 19 fois
  • Le résultat moyen est 30 sur 297
Statistiques - réponses
Série Peuple Réponse % Correct
Série 1 Seigneur du Magma Magmion le Seigneur des Démons /Magmion il Signore del Male
77%
Elemental Fusion Seigneur de la Forêt Lucas le Seigneur de la Forêt /Lucas il Signore della Foresta
69%
Série 1 Seigneur de la Lave Lavion le Seigneur de la Terreur /Lavion il Signore del Terrore
62%
Elemental Fusion Seigneur de le Terre Nick le Seigneur de la Terre /Nick il Signore della Terra
62%
Série 2 Seigneur du Volcan Orrore la Terreur /Orrore Profondo, il Signore di Vulcano
62%
Elemental Fusion Seigneur des Océans Toby le Seigneur des Océans /Toby il Signore del Mare
62%
Elemental Fusion Seigneur de l'Air Jessica le Seigneur de l'Air /Jessica il Signore dell'Aria
54%
Série 3 Seigneur des Ténèbres Obscurio le Seigneur des Ténèbres /Obscurio il Signore delle Tenebre
54%
Série 1 Peuple de la Forêt Fouet Mortel / Frusta Letale
38%
Série 1 Seigneur de la Terre Gheos le Seigneur tout Puissant /Gheos il Signore della Potenza
38%
Série 1 Peuple de la Lave Lavor le Puissant /Lavor il Potente
38%
Série 3 Seigneur de la Lumière Luminos le Seigneur de la Lumière /Sommo Luminescente il Signore della Luce
38%
Série 1 Seigneur de l'Air Noctis le Faucon Seigneur des Cieux /Noctis il Signore dei Cieli
38%
Déssin Animé Gardien de la Terre Roscalion
38%
Déssin Animé Gardien de la Forêt Troncalion
38%
Série 2 Peuple de la Forêt Tronc-Canon /Troncannone
38%
Série 2 Peuple du Volcan Bombos la Puissance de Feu /Bombos Potenza di Fuoco
31%
Déssin Animé Gardien des Ténèbres Cerberion
31%
Déssin Animé Gardien du Volcan Drakkon
31%
Déssin Animé Gardien de l'Air Fenision
31%
Série 1 Peuple de la Forêt Florus l'Empoisonneur / Florus l'Avvelenatore
31%
Série 1 Peuple du Magma Gardien Hurlant /Il Guardiano Urlante
31%
Série 2 Seigneur de l'Air Helios le Seigneur des Cieux /Elios il Signore dell'Aria
31%
Neorganic Créateur des Gormitis du Mal Magor
31%
Série 1 Seigneur des Océans Polypus le Seigneur des Océans /Poivrons il Signore del Mare
31%
Déssin Animé Lézard Razzle
31%
Série 1 Seigneur de la Forêt Tasarau le Seigneur de la Forêt /Tasarau il Signore della Foresta
31%
Série 1 Peuple de l'Air Aigle Solitaire /Aquila Solitaria
23%
Série 1 Peuple de la Lave Anonyme Multiforme /L'Anonimo Multiforme
23%
L'Ère de l'Éclipse Suprème Peuple de la Forêt Arbre-Canon /Querciannone
23%
Série 3 Seigneur du Volcan Armageddon le Seigneur du Volcan /Armageddon il Signore del Vulcano
23%
Série 2 Seigneur de la Forêt Barbataus le Seigneur de la Forêt /Barbataus il Signore della Foresta
23%
Série 2 Peuple de la Terre Boule de Roc /Rocciatauro
23%
Série 1 Peuple de la Lave Cracheur de Feu (Lance-Flammes) /Sparafuoco
23%
L'Ère de l'Éclipse Suprème Peuple du Volcan Cyclope /Ciclops
23%
Série 1 Peuple des Océans Delos le Comte des Mers /Delos il Conte dei Mari
23%
Série 1 Peuple de la Terre Démolisseur / Trematerra
23%
Série 2 Peuple de la Terre Diamant l'Ancien Soldat /Diamantes l'Antico Soldato
23%
Série 1 Peuple de la Terre Dos d'Acier / Schienacciaio
23%
Série 1 Peuple du Magma Electricon
23%
Série 1 Peuple des Océans Grabs le Revanchard (Crabs) /Grankios il Vendicatore
23%
Série 1 Peuple de la Terre Gravitus le Fort / Gravitus il Forte
23%
Série 1 Peuple des Océans Hammer le Prédateur /Martello il Predatore
23%
Série 1 Peuple du Magma Insecticus
23%
Déssin Animé Gardien de la Lumière Luxalion
23%
Série 1 Peuple de la Forêt Mimic le Rapide / Mimeticus il Veloce
23%
Série 1 Peuple de l'Air Moustique Agile /Pungolo lo Sfuggente
23%
Série 2 Peuple des Océans Quarry le Sergent des Mers /Cavarex il Sergente dei Mari
23%
Série 1 Peuple de la Lave Sournois le Terrible /Malvagius il Terribile
23%
Série 1 Peuple du Magma Spider le Cruel (Arachno) /Aracno il Crudele
23%
Série 2 Peuple de la Forêt Spores le Terrible /Sporius il Terribile
23%
L'Ère de l'Éclipse Suprème Peuple de la Terre Taurus le Puissant /Cinghiataurus il Poderoso
23%
Déssin Animé Gardien des Océans Tentaclion
23%
L'Ère de l'Éclipse Suprème Peuple des Océans Abyss le Créateur de Tourbillon /Gorgous il Crea Gorghi
15%
Neorganic Peuple de la Forêt Agripus le Lacérateur /Artigliante il Laceratore
15%
Série 1 Peuple de la Lave Ange Ardent /L'Angelo Infuocato
15%
Luxion Seigneur de la Forêt Arboricus le Seigneur de la Forêt /Arboricus il Signore del Bosco
15%
Elemental Fusion Peuple de la Forêt Artefact /Artefatto
15%
L'Ère de l'Éclipse Suprème Peuple de l'Air Bertz le Conseiller des Cieux /Bertz il Consigliere dei Cieli
15%
Luxion Seigneur de la Terre Bisamonte le Seigneur de la Terre /Bisamonte il Signore della Roccia
15%
L'Ère de l'Éclipse Suprème Peuple de la Forêt Bison l'Innarêtable /Cornolmo l'Inarrestabile
15%
Série 1 Peuple de la Forêt Brute / Il Picchiatore
15%
Série 2 Seigneur des Océans Carrapax le Seigneur des Océans /Carrapax il Signore del Mare
15%
Luxion Seigneur du Mal Cerbante le Seigneur du Mal /Cerbante il Signore del Male
15%
Série 3 Seigneur de l'Air Devilfenix le Seigneur de l'Air /Devilfenix il Signore dell'Aria
15%
L'Ère de l'Éclipse Suprème Peuple de la Terre Diamantes
15%
Série 2 Peuple de l'Air Dragon le Tueur /Dragon il Letale
15%
Série 3 Peuple de l'Air Dragon l'Incinérateur /Dragon l'Inceneritore
15%
Série 1 Peuple de la Terre Fureur Aveugle / Furia Cieca
15%
Série 3 Seigneur de la Forêt Grandalbero le Seigneur de la Forêt /Grandalbero il Signore della Foresta
15%
Série 1 Peuple de l'Air Guèpe Magique /La Magica Vedetta
15%
Neorganic Peuple de la Forêt Guerrier de la Forêt /Gorbattente delle Foreste
15%
Neorganic Peuple de la Terre Guerrier de la Terre /Gorbattente della Roccia
15%
Série 2 Peuple des Océans Helico le Prudent /Helico il Guardingo
15%
L'Ère de l'Éclipse Suprème Peuple des Ténèbres Incubion le Tourmant Noir /Incubion il Nero Tormento
15%
Série 2 Seigneur de la Terre Kolossus le Seigneur de la Terre /Kolossus il Signore della Terra
15%
Luxion Seigneur des Océans Kraken le Seigneur des Océans /Kraken il Signore dell'Acqua
15%
Série 2 Peuple de la Terre Lanceur de Pierres / Lanciamassi
15%
L'Ère de l'Éclipse Suprème Peuple de la Terre Marmos / Franaroccia
15%
Série 1 Peuple du Magma Marteau Furieux /Maglio Infuocato
15%
L'Ère de l'Éclipse Suprème Peuple du Volcan Moloch le Lent /Moloch il Lentauro
15%
Luxion Seigneur de l'Air Mystral le Seigneur de l'Air /Mystral il Signore del Vento
15%
Série 3 Seigneur des Océans Nobilmantis le Seigneur des Océans /Nobilmantis il Signore del Mare
15%
L'Ère de l'Éclipse Suprème Peuple des Ténèbres Onerion la Terreur Noire /Oneiron il Nero Terrore
15%
Série 1 Peuple de l'Air Pélican Bec d'Acier /Becco d'Acciaio
15%
Morphogenesis Seigneur de la Forêt Selvans le Seigneur de la Forêt /Selvans il Signore della Foresta
15%
Série 3 Peuple du Volcan Sentinel le Gardien de Lave /Sentinel il Guardiano Lavico
15%
Série 2 Peuple de la Terre Stalactite l'Imprévisible /Stalattite l'Imprevedibile
15%
L'Ère de l'Éclipse Suprème Peuple des Océans Stella l'Impitoyable /Stellante lo Spietato
15%
Série 3 Seigneur de la Terre Thorg l'Ancien le Seigneur de la Terre /Antico Thorg il Signore della Terra
15%
Série 1 Peuple des Océans Tongs le Terrible / Tenaglia il Terribile
15%
Série 2 Peuple de la Forêt Tormenter le Tortionnaire /Supplizio il Torturatore
15%
Série 2 Peuple de l'Air Tornade le Persécuteur /Vorticus il Tormentatore
15%
Morphogenesis Seigneur de l'Air Vega le Seigneur de l'Air /Vega il Signore dell'Aria
15%
Neorganic Créateur des Gormitis du Bien Vieux Sage /Vecchio Saggio
15%
L'Ère de l'Éclipse Suprème Peuple du Volcan Xiron
15%
Série 2 Peuple de la Forêt Ancienne Sentinelle /Sentinella Antica
8%
Elemental Fusion Peuple du Volcan Aracno l'Implacable /Uncino Lavico l'Implacabile
8%
Série 3 Peuple de la Forêt Battiquercia l'Irascible /Battiquercia l'Irascibile
8%
Titanium Peuple de la Forêt Branche-Liane /Brancicante
8%
Elemental Fusion Peuple de la Forêt Branche l'Inexorable /Marcifoglia l'Inesorabile
8%
Morphogenesis Peuple de la Forêt Brucante l'Irritant /Brucante l'Irritante
8%
Elemental Fusion Peuple de la Forêt Bu-Bamboo le Hurleur /Bu-Bamboo l'Urlante Solitario
8%
Série 2 Peuple du Volcan Cauchemar de Feu /Incubo di Fuoco
8%
Neorganic Peuple de la Terre Cavitus le Perforateur /Cavitus il Perforante
8%
Série 2 Peuple du Volcan Chevalier Mysterieux /Il Misterioso Cavaliere
8%
Série 1 Peuple de l'Air Colibris le Cruel Gardien /Il Severo Guardiano
8%
Neorganic Peuple de la Forêt Cortex le Sculpteur /Cortex l'Intagliatore
8%
Elemental Fusion Peuple du Volcan Croc l'Entêté /Furia Lavica la Testarda
8%
Série 2 Peuple de la Terre Dedalus la Créature Souterraine /Dedalo
8%
Série 1 Peuple de la Terre Dénicheur / Lo Scovanascondigli
8%
Série 1 Peuple de la Forêt Destructeur / Il Saggio Distruttore
8%
Série 3 Peuple de la Forêt Mousse Ancienne / Muschiantico
8%
Luxion Avatar de la Mort Drakonius
8%
Neorganic Peuple de la Forêt Ederus l'Escaladeur /Ederus il Rampicante
8%
Morphogenesis Seigneur des Océans Eraclion le Seigneur des Océans /Eraclion il Signore del Mare
8%
Morphogenesis Peuple de la Terre Exalion le Sphinx /Exalion
8%
Série 2 Peuple de l'Air Faucon Silencieux le Comte des Cieux /Falcosilente il Conte dei Cieli
8%
L'Ère de l'Éclipse Suprème Peuple de la Forêt Faunius l'Archer Silencieux /Faunante l’Arciere Silente
8%
Morphogenesis Peuple de la Forêt Flexor le Piqueur /Flexor il Frustatore
8%
Série 3 Peuple de la Terre Fossil le Hurleur Ancien /Fossil l'Antico Urlante
8%
Elemental Fusion Peuple de la Terre Granit /Instancabile Demolitore
8%
Neorganic Peuple de l'Air Guerrier de l'Air /Gorbattente dei Venti
8%
Neorganic Peuple des Océans Guerrier des Océans /Gorbattente delle Acque
8%
Luxion Peuple du Mal Guerrier du Mal /Gorbattente del Male
8%
Neorganic Peuple du Mal Guerrier du Volcan /Gorbattente del Fuoco
8%
Série 1 Peuple de l'Air Hibou Hypnotiseur /Alos l'Ipnotizzatore
8%
Série 2 Peuple des Océans Hypnofrog le Moqueur /Ipnorana la Beffarda
8%
L'Ère de l'Éclipse Suprème Peuple des Océans Ipnopotamo le Devin /Ipnopotamo il Veggente
8%
Morphogenesis Peuple de la Forêt Konnok le Têtu /Konnok il Cocciuto
8%
Morphogenesis Peuple de la Terre Kubidal le Cube de Roche /Kubidal il Rocciacubo
8%
Luxion Avatar de la Vie Leander
8%
Morphogenesis Peuple de la Forêt Lotus le Guérriseur /Lotus il Guaritore
8%
L'Ère de l'Éclipse Suprème Peuple de la Lumière Luxor le Bouclier Solaire /Luxor Scudo Solare
8%
Série 3 Peuple de la Forêt Magitronco le Sorcier /Magitronco lo Stregone
8%
L'Ère de l'Éclipse Suprème Peuple de la Forêt Mandragol le Magicien /Mandragoliere il Magicante
8%
Série 2 Peuple de la Terre Mangeur de Terre / Mangiaterra
8%
Série 1 Peuple des Océans Mantra l'Implacable /Mantra l'Implacabile
8%
Morphogenesis Peuple de la Terre Marmur
8%
Série 1 Peuple de la Lave Mastodonte /Il Mastodontico
8%
Série 1 Peuple des Océans Méduse Antique /Medusantica
8%
Morphogenesis Peuple de la Forêt Metaleonte
8%
L'Ère de l'Éclipse Suprème Peuple de la Terre Meteorix le Brisé / Meteorix il Caduto
8%
L'Ère de l'Éclipse Suprème Peuple de la Forêt Mimante le Caméléon /Mimante il Camaleontico
8%
Série 1 Peuple de la Terre Mole le Creuseur / Talps lo Scavabuche
8%
L'Ère de l'Éclipse Suprème Peuple de la Terre Pachydermion l'Idiot /Pachidermion lo Stolto
8%
Série 3 Peuple de la Forêt Paludis le Cruel /Paludis il Crudele
8%
Série 2 Peuple de la Forêt Patient /Immobile Paziente
8%
Neorganic Peuple de la Terre Pilor le Marteau Battant /Frantumante il Martello Battente
8%
Morphogenesis Peuple de la Terre Probox
8%
Morphogenesis Peuple de la Forêt Quercus le Judicieux /Quercus il Giudizioso
8%
Série 3 Peuple de la Forêt Ramartiglio
8%
Série 3 Peuple de la Terre Rock le Superbe /Rock il Superbo
8%
Morphogenesis Peuple de la Terre Rotex le Lacérateur /Rotex il Laceratore
8%
Série 3 Peuple de la Terre Sabis le Tourmenté /Tormentoso Sabis
8%
Elemental Fusion Peuple de la Terre Sander l'Imprévisible /Mutevole Sandis
8%
Série 3 Peuple de la Terre Sauvage Rocheux / Irpido Roccioso
8%
Série 2 Peuple de la Forêt Sferst le Dévoreur /Sferst il Divoratore
8%
Déssin Animé Peuple de la Forêt Soldat de la Forêt / Famille de la Forêt
8%
Déssin Animé Peuple de l'Air Soldat de l'Air
8%
Déssin Animé Peuple de la Terre Soldat de la Terre / Famille de la Terre
8%
Déssin Animé Peuple des Océans Soldat des Océans
8%
L'Ère de l'Éclipse Suprème Peuple des Océans Swampolion l'Énergique (Swampalion) /Rospalude la Forzuta
8%
Morphogenesis Seigneur de la Terre Tellurio le Seigneur de la Terre /Tellurio il Signore della Terra
8%
Morphogenesis Peuple de la Terre Thalos le Combattant /Thalos il Combattente
8%
Série 2 Peuple des Océans Turtle la Prophétesse (Tortue le Prophète) /Tartantica la Veggente
8%
Neorganic Peuple de la Terre Vangor l'Excavateur /Vangor lo Scavatore
8%
Série 1 Peuple du Magma Voleur de Pensées /Lo Strappapensieri
8%
Elemental Fusion Peuple de l'Air Abis les Ailes d'Acier /Abis Ali d'Acciaio
0%
Luxion Peuple de l'Air Aduncus le Briseur de Bec /Aduncus lo Spaccabecco
0%
Morphogenesis Peuple des Océans Alguus le Tas d'Algues /Alguus il Mucchio Algoso
0%
Série 3 Peuple de la Lumière Ancien Gardien /Accecante Guardiano
0%
Série 1 Peuple de la Forêt Arrache-Branches le Furieux / Strapparami il Furioso
0%
Elemental Fusion Peuple des Océans Astix le Malveillant /Astix l'Astioso
0%
Neorganic Peuple des Océans Balistor le Clignotant /Balistor il Balenante
0%
Elemental Fusion Peuple de la Forêt Barbus le Puissant /Barbamaglio il Possente
0%
Luxion Peuple des Océans Barrakuda
0%
Morphogenesis Peuple du Mal Basaltor
0%
Série 3 Peuple de l'Air Bec Dur la Brute /Beccoduro Il Picchiatore
0%
Titanium Peuple des Océans Birostris
0%
L'Ère de l'Éclipse Suprème Peuple de l'Air Biteros le Broyeur /Morsicor lo Stritolatore
0%
Série 3 Peuple du Volcan Brags le Triste Contremaître /Brags il Tristo Mietitore
0%
Morphogenesis Peuple des Océans Brankius
0%
Luxion Peuple de l'Air Buferios
0%
Luxion Peuple de la Forêt Cactus la Plante Grasse /Cactus il Grassoplante
0%
Titanium Peuple de la Terre Cefalante la Tête Plate /Cefalante il Testapiatta
0%
Luxion Peuple du Mal Cingolo l'Arsenal Vivant /Cingolo l'Arsenale Vivente
0%
Série 3 Peuple de la Lumière Comet le Feu de Glace /Comet Fuoco di Ghiaccio
0%
Elemental Fusion Peuple des Océans Corallor la Barrière de Corail /Corallor la Barriera Corallina
0%
Série 2 Peuple de l'Air Corbeau Magique /Magicorvo
0%
Elemental Fusion Peuple de l'Air Criquet des Vents /Oscuro Incantatore
0%
Série 3 Peuple de l'Air Crudelion le Damné /Crudelion il Maledetto
0%
Déssin Animé Animal de la Terre Cuivrou
0%
Elemental Fusion Peuple de la Terre Destructor l'Infatigable /Granitesta l'Inarrestabile
0%
Luxion Peuple de l'Air Éclair /Saettante
0%
Série 3 Peuple de la Lumière Electricante
0%
Luxion Peuple du Mal Electrowatt
0%
Neorganic Peuple du Mal Embrasor /Fiammelicus
0%
Déssin Animé Peuple de la Forêt Esprit de la Forêt
0%
Déssin Animé Peuple de l'Air Esprit de l'Air
0%
Déssin Animé Peuple de la Terre Esprit de la Terre
0%
Déssin Animé Peuple des Océans Esprit des Océans
0%
Série 3 Peuple des Ténèbres Esprit Noir le Fantôme de l'Ombre /Spiritonero il Fantasma dell'Ombra
0%
Série 2 Peuple du Volcan Fantôme Incandescent /L'Incandescente Fantasma
0%
Elemental Fusion Peuple du Volcan Flamme le Terrible / Fiammartiglio il Terribile
0%
Série 3 Peuple du Volcan Forgius le Marteau de Feu /Forgius Martello di Fuoco
0%
Luxion Peuple de la Forêt Forteceppo
0%
Elemental Fusion Peuple du Volcan Freezer le Suceur d'Âmes /Marton il Succhia Anime
0%
Luxion Peuple du Mal Gazmazk l'Asphyxiant /Gazmazk l'Asfissiante
0%
Série 2 Peuple du Volcan Geyser le Coléreux /Geyser l'Iroso
0%
Titanium Peuple du Volcan Gorkon l'Affamé /Gorkon il Famelico
0%
Titanium Peuple de l'Air Graculor le Croasser /Graculor il Gracchiante
0%
Luxion Peuple de la Terre Granellus l'Irritant /Granellus l'Irritante
0%
Luxion Peuple des Océans Hippobraccius
0%
Morphogenesis Peuple des Océans Hondivalgus l'Onde Anormale /Hondivagus l'Onda Anomala
0%
L'Ère de l'Éclipse Suprème Peuple du Volcan Hurlant l'Assourdissant /Urlo Cieco l’Assordante
0%
Titanium Peuple de la Lumière Illuminator l'Éclair de lumière /Illuminator Saetta di Luce
0%
Luxion Peuple des Océans Impetus
0%
Titanium Peuple des Ténèbres Ipnoticon
0%
Luxion Peuple du Mal Kompaktator
0%
Morphogenesis Peuple de l'Air Kravox le Guide des Cieux /Kravox la Guida dei Cieli
0%
Neorganic Peuple des Océans Lamacquatica la Frappe Marine /Lamacquatica il Fendente Marino
0%
Série 2 Peuple du Volcan Lames d'Acier le Coupe-Gorge /Lamacciaio il Tagliagole
0%
Série 3 Peuple des Océans Langue Acide le Broyeur des Mers /Linguacida lo Stritolatore dei Mari
0%
Elemental Fusion Peuple des Océans Lerrix l'Ancien Combattant /Lerrix l'Antico Lottatore
0%
Elemental Fusion Peuple des Océans Likasau de Constricteur /Likasau lo Stritolatore
0%
Morphogenesis Peuple des Océans Liskus le Piranha /Liskus
0%
Elemental Fusion Peuple des Océans Liuk le Fidèle /Liuk il Tartascudo
0%
Série 3 Peuple des Ténèbres Lunaris le Sorcier Noir /Lunaris l'Oscuro Stregone
0%
Série 3 Peuple de l'Air Magufo le Sorcier /Magufo lo Stregone
0%
Morphogenesis Peuple de l'Air Mantrix le Prédateur Cynique /Mantrix il Cinico Predatore
0%
Luxion Peuple de la Terre Marmorius
0%
Neorganic Peuple du Mal Memeltor le Fondeur d'Âmes /Memeltor il Fondianime
0%
Neorganic Peuple du Mal Metalus le Démolisseur /Metalloide il Demolitore
0%
Série 3 Peuple de l'Air Mite Mystique /Mistica Falena
0%
Elemental Fusion Peuple des Océans Mollusc le Visionnaire /Mollusco il Visionario
0%
Série 2 Peuple des Océans Moray la Broyeuse /Murena la Stritolatrice
0%
Série 2 Peuple des Océans Multipled le Cerneur /Multiplop l'Accerchiatore
0%
Luxion Peuple des Océans Mytiles l'Écraseur /Mytiles lo Sbricciolatore
0%
Série 3 Peuple des Océans Narvalion le Têtu /Narvalion il Testardo
0%
Série 3 Peuple du Volcan Navus le Cynique /Navus il Cinico
0%
Morphogenesis Peuple du Mal Nebulus le Fumeur /Nebulus l'Offuscatore
0%
Neorganic Peuple du Mal Nefastor le Destructeur Sombre /Nefastor il Tetro Distruttore
0%
Luxion Peuple du Mal Oleodoctor
0%
Série 3 Peuple des Ténèbres Ombrassassina
0%
Série 3 Peuple de la Terre Opale Noire le Mysterieux /Opale Nero il Misterioso
0%
Morphogenesis Peuple du Mal Osmanyus l'Incinérateur /Osmanyus l'Inceneritore
0%
Luxion Peuple de la Forêt Palmizio le Nuisible /Palmizio il Nocivo
0%
Série 3 Peuple des Ténèbres Pantanera le Sergent de la Terreur /Pantanera il Sergente del Terrore
0%
Elemental Fusion Peuple de l'Air Papillus le Fâché /Papillus l'Iracondo
0%
L'Ère de l'Éclipse Suprème Peuple de l'Air Peckavex le Foreur /Picchiavex il Trivellante
0%
Neorganic Peuple du Mal Petrolius l'Infecteur Noir /Petrolius il Nero Untore
0%
Elemental Fusion Peuple de la Forêt Pick le Toxique /Pignavex il Velenoso
0%
Neorganic Peuple de l'Air Pikaros
0%
L'Ère de l'Éclipse Suprème Peuple de la Lumière Plasma la Pince de Lumière /Plasmarei Tenaglie di Luce
0%
Luxion Peuple du Mal Plastiform /Il Plastiforme
0%
Morphogenesis Peuple de l'Air Poison l'Empoisonneur / Poison l'Avvelenatore
0%
Morphogenesis Peuple du Mal Porfidius
0%
Neorganic Peuple des Océans Poulpus la Ventouse /Squidus la Ventosa Marina
0%
Morphogenesis Peuple du Mal Premogar le Charbon Ardent /Premogar il Carbone Ardente
0%
Série 3 Peuple de la Lumière Prismagon le Guerrier de la Lumière /Prismagon il Guerriero della Luce
0%
Elemental Fusion Peuple de l'Air Rapace le Protecteur /Freccialata la Protettrice
0%
Morphogenesis Peuple de l'Air Refolus l'Amas de Vent /Refolus il Fascio di Venti
0%
Elemental Fusion Peuple de la Terre Rhinostone le Ravageur /Rocciaronte il Devastatore
0%
Elemental Fusion Peuple de la Terre Roc-Robot le Gardien Rocheux /Marmacciaio il Guardiano Roccioso
0%
L'Ère de l'Éclipse Suprème Peuple de l'Air Rondor le Bouclier Ailé /Rondor lo Scudo Alato
0%
Luxion Peuple de la Forêt Rovo l'Épineux /Rovo lo Spinoso
0%
Luxion Peuple de la Terre Rozen le Cristal du Désert /Rozen il Cristallo del Deserto
0%
Titanium Peuple des Ténèbres Sbavion
0%
Morphogenesis Peuple des Océans Shogurai
0%
Série 3 Peuple des Océans Silencieux Imprévisible /Imprevedibile Silente
0%
Morphogenesis Peuple de l'Air Silkor
0%
L'Ère de l'Éclipse Suprème Peuple de l'Air Sirgius le Picoreur /Sirgius il Beccante
0%
Série 3 Peuple du Volcan Skorpius le Dard Maléfique /Skorpios il Malvagio Pungitore
0%
Elemental Fusion Peuple du Volcan Snake le Visqueux /Magmaserp il Viscido
0%
Titanium Peuple de la Lumière Solardrill
0%
Série 3 Peuple de la Lumière Solaris le Flamboyant / Solaris il Fiammeggiante
0%
Déssin Animé Peuple du Volcan Soldat de Lave
0%
Déssin Animé Peuple du Volcan Soldat de Magor
0%
Déssin Animé Peuple des Ténèbres Soldat des Ténèbres
0%
L'Ère de l'Éclipse Suprème Peuple des Océans Sonorca le Marteleur /Sonorca la Martellatrice
0%
Série 3 Peuple des Océans Squalis le Marteau des Mers /Squalis il Martello dei Mari
0%
Luxion Peuple de la Terre Stalagto le Guerrier à Pointes /Stalagto il Guerriero Puntuto
0%
Morphogenesis Peuple du Mal Tankoil la Tête d'Étain /Tankoil il Testa di Latta
0%
Série 2 Peuple de l'Air Ténèbres le Sanglant /Oscuro Sanguinolento
0%
Série 3 Peuple des Océans Tentaclos le Prédateur Immobile /Tentaclos l'Immobile Predatore
0%
Neorganic Peuple de l'Air Tidus le Bec Crochu /Tidus l'Adunco Beccatore
0%
Luxion Peuple de l'Air Tornado le Tournoyeur /Tornado il Vorticoso
0%
Morphogenesis Peuple du Mal Trappon l'Intubateur /Trappon l'Intubatore
0%
Elemental Fusion Peuple de la Terre Tremblor le Silencieux /Terremots il Silente
0%
Elemental Fusion Peuple de la Forêt Tronc-Tranchant l'Abatteur /Mazzaboscide il Mazzolatore
0%
Série 3 Peuple des Ténèbres Trou Noir le Gobeur / Buconero l'Inghiottitore
0%
Elemental Fusion Peuple de l'Air Vieux Griffon la Légende des Cieux /Antico Grifon la Leggenda dei Cieli
0%
Morphogenesis Peuple de l'Air Vilnius
0%
Morphogenesis Peuple des Océans Viscidus la Limace des Mers /Viscidus la Lumaca Marina
0%
Série 2 Peuple de l'Air Voleur d'Esprit le Mystique /Mangiamente il Mistico
0%
Neorganic Peuple de l'Air Volius le Gardien du Vent /Vultur il Guardiano dei Venti
0%
Aucun quiz correspondant
Distribution des résultats
% des personnes avec chaque résultat
Percentile par nombre de réponses
Votre historique - résultats
Vous n’avez pas pris ce quiz